LEADER 01899nam0 22004573i 450 001 VAN00219481 005 20240806101255.7 017 70$2N$a9789811396168 100 $a20210930d2019 |0itac50 ba 101 $aeng 102 $aSG 105 $a|||| ||||| 200 1 $aAdvanced Linear Machines and Drive Systems$fWei Xu, Md. Rabiul Islam, Marcello Pucci editors 210 $aSingapore$cSpringer$d2019 215 $axxxvi, 341 p.$cill.$d24 cm 500 1$3VAN00219487$aAdvanced Linear Machines and Drive Systems$91873288 606 $a00A79 (77-XX)$xPhysics [MSC 2020]$3VANC023182$2MF 606 $a93C05$xLinear systems in control theory [MSC 2020]$3VANC024281$2MF 610 $aControl Techniques for LIM$9KW:K 610 $aDesign Optimization$9KW:K 610 $aDrive Systems$9KW:K 610 $aInduction Machine$9KW:K 610 $aLIM$9KW:K 610 $aLinear Induction Machine$9KW:K 610 $aLinear Machines in Energy Systems$9KW:K 610 $aLinear Machines in Transporation$9KW:K 610 $aSuperconducting Linear Machine$9KW:K 610 $aSuperconductor$9KW:K 620 $aSG$dSingapore$3VANL000061 702 1$aIslam$bMd. Rabiul$3VANV186493 702 1$aPucci$bMarcello$3VANV186494 702 1$aXu$bWei$3VANV186492 712 $aSpringer $3VANV108073$4650 801 $aIT$bSOL$c20241115$gRICA 856 4 $uhttp://doi.org/10.1007/978-981-13-9616-8$zE-book ? Accesso al full-text attraverso riconoscimento IP di Ateneo, proxy e/o Shibboleth 899 $aBIBLIOTECA DEL DIPARTIMENTO DI MATEMATICA E FISICA$1IT-CE0120$2VAN08 912 $fN 912 $aVAN00219481 950 $aBIBLIOTECA DEL DIPARTIMENTO DI MATEMATICA E FISICA$d08DLOAD e-book 4087 $e08eMF4087 20210930 996 $aAdvanced Linear Machines and Drive Systems$91873288 997 $aUNICAMPANIA LEADER 02821nam0 22006013i 450 001 VAN00260770 005 20251015022031.161 017 70$2N$a9783031051227 100 $a20230705d2022 |0itac50 ba 101 $aeng 102 $aCH 105 $a|||| ||||| 181 $ai$b e 182 $ab 183 $acr 200 1 $aKontsevich?s Deformation Quantization and Quantum Field Theory$fNima Moshayedi 210 $aCham$cSpringer$d2022 215 $axiii, 336 p.$cill.$d24 cm 461 1$1001VAN00102250$12001 $aLecture notes in mathematics$1210 $aBerlin [etc.]$cSpringer$v2311 606 $a18N70$x$\infty$-operads and higher algebra [MSC 2020]$3VANC037505$2MF 606 $a46L87$xNoncommutative differential geometry [MSC 2020]$3VANC021524$2MF 606 $a53-XX$xDifferential geometry [MSC 2020]$3VANC019813$2MF 606 $a53D17$xPoisson manifolds; Poisson groupoids and algebroids [MSC 2020]$3VANC019815$2MF 606 $a53D42$xSymplectic field theory; contact homology [MSC 2020]$3VANC035419$2MF 606 $a53D55$xDeformation quantization, star products [MSC 2020]$3VANC035404$2MF 606 $a81Q30$xFeynman integrals and graphs; applications of algebraic topology and algebraic geometry [MSC 2020]$3VANC029024$2MF 606 $a81T75$xNoncommutative geometry methods in quantum field theory [MSC 2020]$3VANC033823$2MF 610 $aBatalin-Vilkovisky$9KW:K 610 $aConfiguration spaces$9KW:K 610 $aDeformation quantization$9KW:K 610 $aDifferential geometry$9KW:K 610 $aFedosov Quantization$9KW:K 610 $aFeynman graphs$9KW:K 610 $aGauge Theory$9KW:K 610 $aL-infinity Algebras$9KW:K 610 $aPath Integral Quantization$9KW:K 610 $aPoisson Sigma Model$9KW:K 610 $aPoisson geometry$9KW:K 610 $aQuantum Field Theory$9KW:K 610 $aSymplectic geometry$9KW:K 610 $aToplogical Quantum Field Theory$9KW:K 610 $aWeyl-Moyal Quantization$9KW:K 620 $aCH$dCham$3VANL001889 700 1$aMoshayedi$bNima$3VANV214927$01253162 712 $aSpringer $3VANV108073$4650 801 $aIT$bSOL$c20251017$gRICA 856 4 $uhttps://doi.org/10.1007/978-3-031-05122-7$zE-book ? Accesso al full-text attraverso riconoscimento IP di Ateneo, proxy e/o Shibboleth 912 $fN 912 $aVAN00260770 950 $aBIBLIOTECA DEL DIPARTIMENTO DI MATEMATICA E FISICA$d08CONS e-book $e08LNM2311 20230705 950 $aBIBLIOTECA DEL DIPARTIMENTO DI MATEMATICA E FISICA$d08DLOAD e-Book 8778 $e08eMF8778 20240618 996 $aKontsevich's Deformation Quantization and Quantum Field Theory$92905302 997 $aUNICAMPANIA